01771cam a2200277 a 45000010009000000050017000090080041000260200025000670820021000921000028001132450140001412460061002812460030003422500015003722600047003873000025004344900051004595040066005105050519005766510049010956530021011449420012011659990017011779520150011949520149013441732647020130131153916.0120531s2010 enk b 001 0 eng  a9781780762173 (pbk.)04a320.962222bZAH1 aZahid, Mohammed.93226414aThe Muslim Brotherhood and Egypt's Succession Crisis :bthe Politics of Liberalisation and Reform in the Middle East /cMohammed Zahid.31aPolitics of liberalisation and reform in the Middle East30aEgypt's succession crisis a[Pbk. ed.] aLondon ;aNew York :bI.B. Tauris,cc2010. axv, 202 p. ;c22 cm.0 aLibrary of modern Middle East studies ;vv. 81 aIncludes bibliographical references (p. [181]-200) and index.2 aFraming economic and political reform in the Middle East -- Shifting sands : the Middle East between authoritarianism and democratisation -- Economic and political reform in Egypt after 1991 -- The Muslim Brotherhood in Egypt : growth and development, 1928-1975 -- The Muslim Brotherhood : the transition from piety to politics -- The art of politics : the new MB generation, the syndicates and power -- The politics of succession in Egypt -- Continuity and discontinuity in economic and political reform in Egypt. 0aEgyptxPolitics and governmenty1981-932265 bPolcJanuary2013 2ddccBB c17198d17170 00102ddc40708M-E-OaMAINbMAINc1STd2013-01-31epurchaseg170.00h001341l9m37o320.962 ZAHp000027961r2025-07-15 00:00:00s2021-11-14yBB 00102ddc40708MERICaMAINbMAINc1STd2018-05-06ePurchaseg117.15h000292l2m1o320.962 ZAHp000047694r2025-07-15 00:00:00s2021-11-14yBB